000 00411nam a2200157Ia 4500
008 220216s9999 xx 000 0 und d
100 _aJoyce George A
245 0 _aAdvances in structure measurements of carbon black
260 _bRubber World
_c2009
300 _a27-35
650 _aCarbon black
650 _aOil adsorption method
700 _aHenry William M
700 _aMagee Ricky W
942 _cJS
999 _c53884
_d53884